La composición /

Guardado en:
Autor Principal: Skármeta, Antonio
Otros Autores: Lozupone, María Delia
Formato: Libro
Publicado: Buenos Aires : Sudamericana, 2014
Series:Sudamericana Infantil Especiales
Materias:
Etiquetas: Agregar Etiqueta
Sin Etiquetas, Sea el primero en etiquetar este registro!
LEADER 00766nam a22002415a 4500
001 CEM.cems015300
005 20191107160736.0
008 130507s2014##################000#0#####d
003 CEMS
020 |a 9789500749787 
082 0 4 |a Ch868.4 
100 1 |a Skármeta, Antonio 
245 1 0 |a La composición /  |c Antonio Skármeta ; ilustrado Por María Delia Lozupone 
260 |a Buenos Aires :  |b Sudamericana,  |c 2014 
300 |a 32 p. 
490 0 |a Sudamericana Infantil Especiales 
653 |a Literatura 
653 |a Literatura chilena 
653 |a Literatura infantil 
653 |a Cuentos infantiles 
653 |a Colección ciencias de la educación 
700 1 |a Lozupone, María Delia 
859 |a CEMS  |b BIB. CEMS - Ccias. Educacion  |h Ch868.4  |i Sk17  |k CE  |p 28562.19  |t Ej.1